| 000 | 01538nam a2200361Ia 4500 | ||
|---|---|---|---|
| 001 | vtls003194562 | ||
| 003 | MY-SjTCS | ||
| 005 | 20200306171017.0 | ||
| 006 | m u | ||
| 007 | cr cn||||||||| | ||
| 008 | 100712s2003 mdu ss 000 0 eng d | ||
| 020 | _z0890597634 | ||
| 035 | _a(CaPaEBR)ebr10054287 | ||
| 039 | 9 |
_y201007121650 _zVLOAD |
|
| 040 |
_aCaPaEBR _cCaPaEBR |
||
| 050 | 1 | 4 |
_aHA202 _b.A3671 2003eb |
| 245 | 0 | 4 |
_aThe who, what, and where of America _h[electronic resource] : _bunderstanding the census results / _ceditors, Martha Farnsworth Riche, Deirdre A. Gaquin. |
| 246 | 3 | 0 | _aUnderstanding the census results |
| 250 | _aSpecial ed. | ||
| 260 |
_aLanham, MD : _bBernan Press, _cc2003. |
||
| 300 | _axxxvi, 1153 p. | ||
| 490 | 1 |
_aCounty and city extra, _x1059-9096 |
|
| 529 | _aTSLHHL | ||
| 533 |
_aElectronic reproduction. _bPalo Alto, Calif. : _cebrary, _d2009. _nAvailable via World Wide Web. _nAccess may be limited to ebrary affiliated libraries. |
||
| 650 | 0 |
_aCities and towns _zUnited States _vStatistics. _9295457 |
|
| 651 | 0 |
_aUnited States _vCensus, 22nd, 2000 _vStatistics. _9295458 |
|
| 655 | 7 |
_aElectronic books. _2local _9201578 |
|
| 700 | 1 |
_aRiche, Martha Farnsworth. _9295459 |
|
| 700 | 1 |
_aGaquin, Deirdre. _9295460 |
|
| 710 | 2 |
_aebrary, Inc. _925628 |
|
| 830 | 0 |
_aCounty and city extra, _x1059-9096. _9295461 |
|
| 856 | 4 | 0 |
_uhttps://ezproxy.taylors.edu.my/login?url=http://site.ebrary.com/lib/taylorscollege/Doc?id=10054287 _zAn electronic book accessible through the World Wide Web; click to view |
| 999 | _c66609 | ||